LEADER 00921nam0-22003131i-450- 001 990003740790403321 010 $a88-13-19640-7 035 $a000374079 035 $aFED01000374079 035 $a(Aleph)000374079FED01 035 $a000374079 100 $a20010316d1996----km-y0itay50------ba 101 0 $aita 102 $aIT 200 1 $aAmbiente e protezione della natura$fSimoncini, Andrea 205 $a1 ed 210 $aPadova$cCedam$d1996 215 $a395 p.$d24 cm 225 1 $aUniversità degli studi di Firenze$eFacoltà di Economia$fPubblicazioni dell' istituto giuridico$vn.13 610 0 $aAree naturali protette 676 $a048.003 700 1$aSimoncini,$bAndrea$0141824 801 0$aIT$bUNINA$gRICA$2UNIMARC 901 $aBK 912 $a990003740790403321 952 $a048.003.SIM$b2906$fDECGE 959 $aDECGE 996 $aAmbiente e protezione della natura$9509232 997 $aUNINA LEADER 01986nam 2200385 450 001 9910688441603321 005 20230630092427.0 035 $a(CKB)5400000000045604 035 $a(NjHacI)995400000000045604 035 $a(EXLCZ)995400000000045604 100 $a20230630d2020 uy 0 101 0 $aeng 135 $aur||||||||||| 181 $ctxt$2rdacontent 182 $cc$2rdamedia 183 $acr$2rdacarrier 200 00$aDigestive System $eSystem Recent Advances /$fXingshun Qi, Sam Koruth, editors 210 1$aLondon :$cIntechOpen,$d2020. 215 $a1 online resource (152 pages) 311 $a1-83968-390-2 330 $aThe book focuses on the recent advances in the digestive system. It is composed of 3 sections: gastrointestinal duct, liver, and biliary system. There are 9 chapters: peptic ulcers; mid-gastrointestinal bleeding; gastrointestinal manifestations of IgA vasculitis; biomechanics of intestinal contractions; evaluation of serum sodium change after terlipressin in cirrhosis; history and background of biliary system; gallbladder carcinoma; ERCP for cholecysto-choledocholithiasis; and cystic artery variations and associated vascular complications in laparoscopic cholecystectomy. The knowledge presented in this book should be valuable for family physicians, internists, gastroenterologists, hepatologists, endoscopists, radiologists, and pathologists who are interested in digestive diseases to guide the clinical practice and management. This book should be also useful for patients and their relatives to better understand the digestive system. 517 $aDigestive System 606 $aEndocrinology 606 $aEndocrine glands 615 0$aEndocrinology. 615 0$aEndocrine glands. 676 $a612.4 702 $aKoruth$b Sam 702 $aQi$b Xingshun 801 0$bNjHacI 801 1$bNjHacl 906 $aBOOK 912 $a9910688441603321 996 $aDigestive system$92953918 997 $aUNINA LEADER 02526oas 22008413a 450 001 9910131307503321 005 20250814213021.0 011 $a2163-3819 035 $a(OCoLC)560425100 035 $a(CONSER) 2011201781 035 $a(CKB)954925381006 035 $a(EXLCZ)99954925381006 100 $a20100318a19259999 uy a 101 0 $aeng 135 $aurbn||||||abp 135 $aurbn||||||ada 181 $ctxt$2rdacontent 182 $cc$2rdamedia 183 $acr$2rdacarrier 200 10$aArchitectural digest 210 $aLos Angeles $cJohn C. Brasfield Pub. Corp 300 $a"The international magazine of fine interior design." 300 $aPublished by: Knapp Communications Corp., -1984; by: Architectural Digest Pub. Corp., 1985- ; by: Conde Nast Publications Inc., 300 $aSome issues have distinctive titles. 311 0 $aArchitectural digest 0003-8520 517 3 $aArchitectural digest 100 517 1 $aAD 100 517 1 $aAD 606 $aArchitecture$vPeriodicals 606 $aInterior decoration$zCalifornia$vPeriodicals 606 $aDe?coration inte?rieure$zCalifornie$vPe?riodiques 606 $aArchitecture$zCalifornie$y20e sie?cle$vPe?riodiques 606 $aInterior decoration$2fast$3(OCoLC)fst00976327 606 $aArchitecture$2fast$3(OCoLC)fst00813346 606 $aDECORACION DE INTERIORES$xPUBLICACIONES PERIODICAS$2renib 607 $aCalifornia$2fast$1https://id.oclc.org/worldcat/entity/E39PBJt8p3GDkhpJkC9y6FY3wC 608 $aPeriodicals. 608 $aPeriodicals.$2aat 608 $aPeriodicals.$2fast 608 $aPeriodicals.$2lcgft 615 0$aArchitecture 615 0$aInterior decoration 615 6$aDe?coration inte?rieure 615 6$aArchitecture 615 7$aInterior decoration. 615 7$aArchitecture. 615 7$aDECORACION DE INTERIORES$xPUBLICACIONES PERIODICAS. 801 0$bOCLCE 801 1$bOCLCE 801 2$bIL4I4 801 2$bADU 801 2$bOCLCS 801 2$bAZU 801 2$bTXJ 801 2$bOCLCQ 801 2$bDLC 801 2$bOCL 801 2$bOCLCQ 801 2$bCOO 801 2$bOCLCO 801 2$bOCLCF 801 2$bOCLCO 801 2$bOCLCQ 801 2$bDLC 801 2$bOCLCO 801 2$bOCLCQ 801 2$bOCL 801 2$bOCLCL 801 2$bOCLCQ 906 $aJOURNAL 912 $a9910131307503321 996 $aArchitectural digest$92201362 997 $aUNINA